Cyclisme : Arnaud De Lie Victoires WT - Statistiques

Statistiques générales
  • Ce quiz a été pris 16 fois
  • Le résultat moyen est 4 sur 5
Statistiques - réponses
Années Équipe Indice Réponse % Correct
2024 Lotto Dstny Étape Renewi Tour
93%
2025 Lotto Étape Renewi Tour
93%
2025 Lotto Course par étapes Renewi Tour
93%
2023 Lotto Dstny Classique Grand Prix Cycliste de Québec
64%
2025 Lotto Classique Bretagne Classic - Ouest-France
50%
Aucun quiz correspondant
Distribution des résultats
% des personnes avec chaque résultat
Percentile par nombre de réponses
Votre historique - résultats
Vous n’avez pas pris ce quiz